Основные золотопродуктивные и сопутствующие метасоматические формации Урала (Запись № 1102897)

Подробности
000 -МАРКЕР
контрольное поле 02610nam0a2200421 4500
001 - ИДЕНТИФИКАТОР ЗАПИСИ
контрольное поле RU\NLR\bibl\1389099
005 - ИДЕНТИФИКАТОР ВЕРСИИ
контрольное поле 20260405185734.0
010 ## - МЕЖДУНАРОДНЫЙ СТАНДАРТНЫЙ НОМЕР КНИГИ (ISBN)
Номер (ISBN) 978-5-94332-071-2
021 ## - НОМЕР ГОСУДАРСТВЕННОЙ РЕГИСТРАЦИИ
Код страны Российская Федерация
Номер 2009-35676
Номер Листа государственной регистраци 2156
035 ## - ДРУГИЕ СИСТЕМНЫЕ НОМЕРА
Идентификатор записи (nilc)RSL-KNO-004322640
035 ## - ДРУГИЕ СИСТЕМНЫЕ НОМЕРА
Идентификатор записи (NLR Aleph) 001381151
100 ## - ДАННЫЕ ОБЩЕЙ ОБРАБОТКИ
Данные общей обработки 20090421d2009 |||y0rusy50 ca
101 0# - ЯЗЫК РЕСУРСА
Язык текста, звукозаписи и т.д. русский
-- английский
Язык оглавления английский
102 ## - СТРАНА ПУБЛИКАЦИИ ИЛИ ПРОИЗВОДСТВА
Страна публикации Российская Федерация
105 ## - ПОЛЕ КОДИРОВАННЫХ ДАННЫХ: ТЕКСТОВЫЕ МАТЕРИАЛЫ, МОНОГРАФИЧЕСКИЕ
Кодированные данные о монографическом текстовом документе a |||||||||
200 1# - ЗАГЛАВИЕ И СВЕДЕНИЯ ОБ ОТВЕТСТВЕННОСТИ
Основное заглавие Основные золотопродуктивные и сопутствующие метасоматические формации Урала
Параллельное заглавие The main goldproductive and associated metasomatic formations of the Urals
Сведения, относящиеся к заглавию (геологическая позиция, зональность, минералогическая, химическая и текстурно-структурная трансформации эдуктов и прогностическое значение)
Первые сведения об ответственности В.Н. Сазонов, В.А. Коротеев
Последующие сведения об ответственности отв. ред. акад. РАЕН Н.С. Бортников
-- [Рос. акад. наук, Урал. отд-ние, Ин-т геологии и геохимии им. акад. А.Н. Заварицкого]
Язык параллельного заглавия английский
210 ## - ПУБЛИКАЦИЯ, РАСПРОСТРАНЕНИЕ И ДР.
Место издания, распространения и т.д. Екатеринбург
Имя издателя, распространителя и т. д. Ин-т геологии и геохимии УрО РАН
Дата издания, распространения и т.д. 2009
215 ## - ФИЗИЧЕСКАЯ ХАРАКТЕРИСТИКА
Специфическое обозначение материала и объем 161 с., [12] л. цв. ил.
Другие сведения о физической характеристике ил., карты, табл.
Размеры 30
300 ## - ОБЩИЕ ПРИМЕЧАНИЯ
Текст примечания Авт. также на англ. яз.
300 ## - ОБЩИЕ ПРИМЕЧАНИЯ
Текст примечания Рез. на англ. яз.
320 ## - ПРИМЕЧАНИЯ О НАЛИЧИИ В ДОКУМЕНТЕ БИБЛИОГРАФИИ / УКАЗАТЕЛЯ
Текст примечания Библиогр.: с. 143-150
510 0# - ПАРАЛЛЕЛЬНОЕ ЗАГЛАВИЕ
Связь между полями z48790
Параллельное заглавие The main goldproductive and associated metasomatic formations of the Urals
Язык заглавия английский
606 1# - НАИМЕНОВАНИЕ ТЕМЫ КАК ПРЕДМЕТ
Наименование темы Золоторудные метасоматиты
Географический подзаголовок Урал
Системный номер авторитетной/нормативной записи 2573344
Идентификатор авторитетной/нормативной записи RU\NLR\auth\661521647
686 ## - ИНДЕКСЫ ДРУГИХ КЛАССИФИКАЦИЙ
Индекс Д9(2Р36)451.41,0
Код системы
686 ## - ИНДЕКСЫ ДРУГИХ КЛАССИФИКАЦИЙ
Индекс Д451.41-0,0
Код системы
686 ## - ИНДЕКСЫ ДРУГИХ КЛАССИФИКАЦИЙ
Индекс Д451.41-24(2Р36)
686 ## - ИНДЕКСЫ ДРУГИХ КЛАССИФИКАЦИЙ
Индекс Д347.5-24(2Р36)
700 #1 - ИМЯ ЛИЦА - ПЕРВИЧНАЯ ОТВЕТСТВЕННОСТЬ
Код отношения Автор
Материалы, к которым относится поле rus
Графика поля Кириллица
Начальный элемент ввода Сазонов
Часть имени, кроме начального элемента ввода В. Н.
Дополнения к именам, кроме дат д-р геол.-минерал. наук
Даты 1936-
Расширение инициалов личного имени Владимир Николаевич
Идентификатор авторитетной/нормативной записи RU\NLR\auth\7781973
Системный номер авторитетной/нормативной записи 64901
701 #1 - ИМЯ ЛИЦА - АЛЬТЕРНАТИВНАЯ ОТВЕТСТВЕННОСТЬ
Код отношения Автор
Материалы, к которым относится поле rus
Графика поля Кириллица
Начальный элемент ввода Коротеев
Часть имени, кроме начального элемента ввода В. А.
Даты 1937-
Расширение инициалов личного имени Виктор Алексеевич
Идентификатор авторитетной/нормативной записи RU\NLR\auth\7725948
Системный номер авторитетной/нормативной записи 8993
790 #1 - ИМЯ ЛИЦА - АЛЬТЕРНАТИВНАЯ ФОРМА
Код отношения Автор
Материалы, к которым относится поле rus
Графика поля Латинская
Начальный элемент ввода Sazonov
Часть имени, кроме начального элемента ввода V. N.
Дополнения к именам, кроме дат д-р геол.-минерал. наук
Даты 1936-
Расширение инициалов личного имени Vladimir Nikolaevič
Идентификатор авторитетной/нормативной записи RU\NLR\auth\7781974
Системный номер авторитетной/нормативной записи 64902
790 #1 - ИМЯ ЛИЦА - АЛЬТЕРНАТИВНАЯ ФОРМА
Код отношения Автор
Материалы, к которым относится поле rus
Графика поля Кириллица
Начальный элемент ввода Koroteev
Часть имени, кроме начального элемента ввода V. A.
Даты 1937-
Расширение инициалов личного имени Viktor Alekseevič
Идентификатор авторитетной/нормативной записи RU\NLR\auth\7782006
Системный номер авторитетной/нормативной записи 64934
801 #0 - ИСТОЧНИК ЗАПИСИ
Страна Российская Федерация
Организация РКП
Дата составления 20090421
Правила каталогизации rcr
801 #1 - ИСТОЧНИК ЗАПИСИ
Страна Российская Федерация
Организация РГБ
Дата составления 20090421
801 #2 - ИСТОЧНИК ЗАПИСИ
Страна Российская Федерация
Организация NLR
Дата составления 20090703
Правила каталогизации rcr
830 ## - ОБЩЕЕ ПРИМЕЧАНИЕ, СОСТАВЛЕННОЕ КАТАЛОГИЗАТОРОМ
Текст примечания авт. раскрыты по кн.
942 ## - ДОПОЛНИТЕЛЬНЫЕ ЭЛЕМЕНТЫ ЗАПИСИ (АБИС)
Тип экземпляра АБИС Книга
980 ## - КОЛЛЕКЦИЯ
Название коллекции Национальная библиография
Экземпляры
Тип экземпляра Дата поступления Источник поступления Библиотека постоянного хранения Библиотека текущего хранения Место хранения Шифр хранения Штрих-код Статус экземпляра
Книга 03.07.2009 Обязательный экземпляр РНБ (Московский) РНБ (Московский) Русский книжный фонд: издания с 1957 года 2009-8/2021 2954139  
Книга 03.07.2009 Обязательный экземпляр РНБ (Московский) РНБ (Московский) Русский книжный фонд: издания с 1957 года 2009-8/2021 2954140